[Event "Kremnica op"]
[Site "Kremnica"]
[Date "2024.08.17"]
[Round "4"]
[White "Mocek, Tadeas"]
[Black "Havalda, Samuel"]
[Result "0-1"]
[WhiteElo "1652"]
[BlackElo "1863"]
[PlyCount "66"]
[EventDate "2024.08.15"]
[EventType "swiss"]
[EventRounds "7"]
[EventCountry "SVK"]
[SourceTitle "CBM 221 Extra"]
[Source "ChessBase"]
[SourceDate "2024.09.30"]
[SourceVersion "1"]
[SourceVersionDate "2024.09.30"]
[SourceQuality "1"]

1. e4 e5 2. Nf3 Nc6 3. Bb5 f5 4. d3 fxe4 5. dxe4 Nf6 6. 0-0 Bc5 7. Nc3 d6 8. Bg5 0-0 9. Nd5 Kh8 10. h3 Be6 11. Bc4 Qd7 12. Nxf6 gxf6 13. Bxe6 Qxe6 14. Be3 Rg8 15. Kh1 Bxe3 16. fxe3 Rg3 17. Rf2 Rag8 18. Qe2 f5 19. exf5 Qxf5 20. e4 Qf6 21. Raf1 Qh6 22. Qd2 Qh5 23. Kh2 Nd8 24. Ne1 Ne6 25. Rf3 R3g4 26. Rf5 Qh4 27. R1f2 Nf4 28. R5xf4 Qg3+ 29. Kh1 Rxf4 30. Rxf4 Qxf4 31. Qxf4 exf4 32. Nf3 Re8 33. Nd2 d5 0-1

[Event "Kremnica op"]
[Site "Kremnica"]
[Date "2024.08.17"]
[Round "5"]
[White "Savchuk, Alexander"]
[Black "Mocek, Tadeas"]
[Result "1-0"]
[WhiteElo "1899"]
[BlackElo "1652"]
[PlyCount "45"]
[EventDate "2024.08.15"]
[EventType "swiss"]
[EventRounds "7"]
[EventCountry "SVK"]
[SourceTitle "CBM 221 Extra"]
[Source "ChessBase"]
[SourceDate "2024.09.30"]
[SourceVersion "1"]
[SourceVersionDate "2024.09.30"]
[SourceQuality "1"]

1. e4 c5 2. Nf3 d6 3. d4 cxd4 4. Nxd4 Nf6 5. Nc3 a6 6. Rg1 h5 7. h3 h4 8. Be3 b5 9. Qd2 Bb7 10. Bd3 Nbd7 11. 0-0-0 Ne5 12. f4 Nxd3+ 13. Qxd3 b4 14. Nd5 Nxd5 15. exd5 Bxd5 16. Nf5 e6 17. Rge1 Rh5 18. Bb6 Qxb6 19. Qxd5 Rc8 20. Nxd6+ Bxd6 21. Qxh5 Bxf4+ 22. Kb1 Qc7 23. Rxe6+ 1-0